000
00299nam a2200109Ia 4500
008
171211s9999 xx 000 0 und d
245
4
_a
The Future of the Gun
245
_c
Frank Miniter
260
_c
2014
650
_x
Military
856
_u
http://down.ebook777.com/The%20Future%20of%20the%20Gun.pdf
999
_c
348325
_d
348325